000 00481nam a2200157 i 4500
001 79067
003 ES-MaACL
005 20230906173908.0
007 t|
008 041019s1921 xxk ||||1| eng d
100 1 _aHeitzmann, Louis.
_962408
245 1 0 _aUrinary analysis and diagnosis by microscopical and chemical examination /
_cby Louis Heitzmann.
260 _aLondon :
_bBailliere, Tindall and Cox,
_c1921.
300 _aXXI, 362 p. ;
_c25 cm.
852 _aES-MaACL
_jB-11577
999 _c79067
_d79067